Statistics for MLS Teams By State

Click here to take the quiz!

General Stats

  • This quiz has been taken 24 times
  • The average score is 15 of 18

Answers on the Map

Answers color-coded by a green-red scale on the quiz's map according to % correct below.
 

Answer Stats

Answer% Correct
Atlanta United
90%
Austin, Houston Dynamo, FC Dallas
90%
Charlotte FC
90%
Nashville SC
90%
Orlando City, Inter Miami
90%
Portland Timbers
90%
Red Bulls, NYCFC
90%
Seattle Sounders
90%
Columbus Crew, Cincinnati
86%
LAFC, LA Galaxy, San Jose
86%
Minnesota United FC
86%
New England Revolution
86%
Philadelphia Union
86%
St. Louis, Sporting KC
86%
Chicago Fire
76%
Colorado Rapids
76%
Real Salt Lake
76%
D.C. United
71%

Score Distribution

Percentile by Number Answered

Percent of People with Each Score

Your Score History

You have not taken this quiz